01314nam a22002777a 4500020001500000082001700015100004100032245006400073260004500137270007000182300002300252500008100275500004700356500005000403500004400453500006000497500004400557500005200601500005200653500006800705500006800773500004000841500005300881500005200934650005000986 a0892132531 a230.22b-PUR aPrabhapada, A.C. Bhaktivedanta Swami aShrimad Bhagavatamcby A.C. Bhaktivedanta Swami Prabhapada aMumbai bBhaktivedanta Book Trust c2205 aBhaktivedanta Book Trust , Hare Krishna Land Juhu, Mumbai -400049 axix, 987p.c22c.m. a3.2 (3rd canto), Third Canto "The Status Quo" (Part two - chapter 17-33)  a2 (Second Canto)- The cosmic manifestation a3.1 (Third Canto)- Part one- "The Status Quo" a5 (Fifth Canto )- The creative imlpetus a8 (Eighth Canto )- Withdrawal of the Cosmic Creations  a7 (Seventh Canto )- The science of God a11.2 (Eleventh Canto Part Two)- General History a11.1 (Eleventh Canto Part One)- General History a4.2 (Fourth Canto Part Two)- The Creation of the fourth-order  a4.1 (Fourth Canto Part One)- The Creation of the fourth-order  a10 (tenth canto )- The Summun Bonum a10.3 (tenth canto Part three )- The Summun Bonum a10.4 (tenth canto Part four )- The Summun Bonum aBhagvat geeta-English vBhagvat geeta-English